| 000 | 00513nam a2200181Ia 4500 | ||
|---|---|---|---|
| 003 | OSt | ||
| 005 | 20200605103452.0 | ||
| 008 | 190216s9999||||xx |||||||||||||| ||und|| | ||
| 020 | _a0333934580 | ||
| 040 | _coclc | ||
| 082 |
_a320.954 _bMAH/S |
||
| 100 |
_aMaheshwari, S R _91817 |
||
| 245 | 0 |
_aState Governments In India / _cS R Maheshwari |
|
| 260 |
_bMacmillan, _c2000. _aNew Delhi: |
||
| 300 | _a395p | ||
| 650 | _aIndian History | ||
| 942 |
_cBK _2ddc _h320.954 _iMAH/S _k320.954 _mMAH/S |
||
| 999 |
_c20664 _d20664 |
||